| 000 | 00806nam a2200205 i 4500 | ||
|---|---|---|---|
| 001 | 128416 | ||
| 003 | ES-MaACL | ||
| 005 | 20250901215731.0 | ||
| 007 | t| | ||
| 008 | 070510s1971 sp ||||1| spa d | ||
| 080 | _a338(461.1)"1961/1970" | ||
| 100 | 1 |
_aTaboada Arceo, Antonio. _9109027 |
|
| 245 | 1 | 0 |
_aGalicia _b: estructura y ritmo socioeconómicos / _cAntonio Taboada Arceo. |
| 260 |
_aLa Coruña : _bServicio de Estudios y Publicaciones de las Cámaras Oficiales de Comercio, Industria y Navegación de Galicia, _c1971. |
||
| 300 |
_aXVI, 390 p., map. pleg. ; _c22 cm. |
||
| 651 | 4 |
_aGalicia- _xSituación económica. _98739 |
|
| 710 | 2 |
_aCámaras Oficiales de Comercio, Industria y Navegación de Galicia (La Coruña) _92415 |
|
| 852 |
_aES-MaACL _jC-38740 _bR.77232 |
||
| 999 |
_c128416 _d128416 |
||